| 000 | 00826nam a22002177a 4500 | ||
|---|---|---|---|
| 999 |
_c10474 _d10474 |
||
| 003 | AR-CdUCM | ||
| 008 | 190319b ||||| |||| 00| 0 spa d | ||
| 040 |
_aMUNICIPALIDAD PROVINCIAL DEL CUSCO _cBIBLIOTECA MUNICIPAL DEL CUSCO |
||
| 082 |
_22ed. _a346.2 / _bC79 / 1960 |
||
| 100 |
_aCornejo Chávez, Héctor _99311 |
||
| 245 | _aDerecho familiar peruano / | ||
| 260 |
_aLima : _bUniversitaria, _c1960. |
||
| 300 |
_a292 páginas ; _c21 cm. |
||
| 440 |
_aBiblioteca de derecho ; _927356 |
||
| 505 | _aContenido: t.1. Génesis jurídico - legal del matrimonio -- Relaciones personales entre los cónyuges -- Régimen patrimonial del matrimonio ... | ||
| 650 |
_aDerecho de familia _919034 |
||
| 650 |
_aMatrimonio (Derecho civil) _919035 |
||
| 650 |
_aCuratela (Derecho civil) _919036 |
||
| 942 |
_2ddc _cLIBROS |
||
| 945 | _aacv | ||